01257 2200241 4500001002100000005001500021035002000036001002100056005001500077035002000092245003500112100001100147250001700158300003300175260003900208082001100247084001700258020002200275650001400297520063200311500003100943008004100974INLIS00000000000064420240827093410 a0010-0824000162INLIS00000000000054620240827093146 a0010-08240000641 aBudidaya Ikan Gurame /cAzhary0 aAzhary acetakan ke-1 aiv, 114 hlm :bIlus ;c22 cm aJakarta :bAzka Mulia Media,c2006 a639.31 a639.31 AZH b a978-979-1211-23-X 4aBudi daya aSaat ini ikan hias mulai banyak dibudidayakan, baik ikan yang hidup di perairan air laut maupun di perairan air tawar. Oleh karena kebutuhan ikan hias di pasar lokal dan mancanegara sangat tinggi, bisnis ini menjanjikan hasil yang menguntungkan. Dalam buku ini penulis memaparkan tentang budi daya ikan hias jenis rainbow dan kongo tetra. setelah menjelaskan kekhasan ikan rainbow dan kongo tetra, penulis memaparkan tahapan budi dayanya. Mulai dari persiapan pemijahan ikan, penetasan telur, pendederan sampai pembesaran ikan. Penjelasan juga dilengkapi dengan teknik pemasaran dan analisis usaha sebagai panduan bagi pemula aSeri Keterampilan Beternak240827 0